000 00725cab a2200277 4500
001 WB3234-09
008 090401t1996 xxu||||| |||| 00| 0 eng d
035 _a(Sirsi) u54739
041 _aeng
245 _aLarge warehouses appear in Europe
260 _c1996
350 _a0
490 _aEuropean
_v12 September 1996, 32(2)
520 _aDiscusses the growth of `megawarehouses` in the Benelux countries.
650 _aBENELUX
650 _aDISTRIBUTION HUB
650 _aDISTRIBUTION MARKET
650 _aEUROPE
650 _aLOGISTICS
650 _aMEGAWAREHOUSES
650 _aSTORAGE DEPOTS
650 _aWAREHOUSES
690 _aPROPERTY-COMMERCIAL PROPERTY
942 _n0
948 _c04/03/1997
999 _c33553
_d33553